000 00306nam a22001337a 4500
008 170620b xxu||||| |||| 00| 0 eng d
020 _a0521436340
041 _aeng
080 _22 ED
_a32
100 _a20
101 _aSHP
245 _aDEMOCRACY AND WELFARE ECONOMICS
_cDOEL.H.V.D
942 _2udc
_cBK
999 _c18274
_d18274